A-4 BİR SES BÖLER GECEYİ (Record no. 1250268)

MARC details
000 -LEADER
sabit uzunluktaki kontrol alanı 00257nam a2200097Ia 4500
001 - KONTROL NUMARASI
kontrol alanı 1250268
005 - EN SON İŞLEMİN TARİH VE ZAMANI
kontrol alanı 20251031150853.0
008 - SABİT-UZUNLUKTA VERİ ÖĞELERİ--GENEL BİLGİ
sabit uzunluktaki kontrol alanı 251031s9999 xx 000 0 und d
245 #0 - ESER / YAZAR
Yazar Adı AHMET ÜMİT
ESER ADI A-4 BİR SES BÖLER GECEYİ
260 ## - YAYIN, DAĞITIM, VB.
YAYIN EVİ YAPI KREDİ YAYINLARI
Holdings
Düşüm durumu Kayıp durumu Hasar Durumu Ödünç verilmez Ana kütüphane Geçerli Kütüphane Edinilen tarih Toplam ödünç verme sayısı Tam yer numarası Barkod Son görüntüleme tarihi Fiyatın geçerli olmaya başladığı tarih Koha materyal türü
        ŞEHİT BURAK GENÇ CELEP HAVA LOJMAN KÜTÜPHANESİ ŞEHİT BURAK GENÇ CELEP HAVA LOJMAN KÜTÜPHANESİ 30.10.2025   A-4 / GENEL 11048690000000364 31.10.2025 31.10.2025 Books